00289nam a2200121Ia 4500008004100000041000800041082001200049100002000061245001100081260004400092300002400136365000700160240624s9999 xx 000 0 und d aeng a823 CHR aCHRISTIE AGATHA aN OR M c2001aLondonbHarper Collins Publishers a304 : p. : cm. ; 17 cRS